Código disciplinario único (Registro nro. 60011)

Detalles MARC
000 -ENCABEZADO
Número de control [NR] 01298nam a2200301Ia 4500
005 - FECHA Y HORA DE LA ÚLTIMA TRANSACCIÓN
control field 20140903173819.0
008 - DE LONGITUD FIJA DE DATOS DE ELEMENTOS - INFORMACIÓN GENERAL
Elementos de longitud fija [NR] 130821s2011 ck gs spa
020 ## - NUMERO INTERNACIONAL NORMALIZADO PARA LIBROS [R]
Número Internacional Normalizado del libro [NR] 9586761800 (2002)
020 ## - NUMERO INTERNACIONAL NORMALIZADO PARA LIBROS [R]
Número Internacional Normalizado del libro [NR] 9789585739536 (2011)
020 ## - NUMERO INTERNACIONAL NORMALIZADO PARA LIBROS [R]
Número Internacional Normalizado del libro [NR] 9789587340082 (2008)
020 ## - NUMERO INTERNACIONAL NORMALIZADO PARA LIBROS [R]
Número Internacional Normalizado del libro [NR] 9789588295671 (2007)
040 ## - FUENTE DE CATALOGACION [NR]
Agencia de catalogación original [NR] CO-BoUCM
Idioma de catalogación [NR] spa
Quien Cataloga Jose A. Gerena (modificó)
Quien Clasifica [Nuevo]
041 00 - CODIGO DE IDIOMA [R]
Código de idioma para texto/pista de sonido o título separado [R] Español
240 ## - TITULO UNIFORME [NR]
Título uniforme [NR] <a href="Leyes, decretos, etc.">Leyes, decretos, etc.</a>
245 00 - MENCION DE TITULO [NR]
Título [NR] Código disciplinario único
Mención de responsabilidad, etc. [NR] compilado, concordado y actualizado por la relatoría de la Procuraduría General de la Nación
Parte restante del título [NR] Ley 734 de 2002, notas y vigencia 2011 y estatuto anticorrupción
260 ## - PUBLICACION, DISTRIBUCION, ETC. (PIE DE IMPRENTA) [R]
Lugar de publicación, distribución, etc. [R] Bogotá (Colombia)
Nombre del editor, distribuidor, etc. [R] Procuraduría General de la Nación
Fecha de publicación, distribución, etc. [R] 2011
300 ## - DESCRIPCION FISICA [R]
Extensión [R] 112 páginas
500 ## - NOTA GENERAL [R]
Nota general [NR] Ed 2011: Donación de Procuraduría General de la Nación
630 ## - ASIENTO SECUNDARIO DE MATERIA - TITULO UNIFORME [R]
Título uniforme [NR] Ley 734 de 2002
9 (RLIN) 6889
650 #7 - ASIENTO SECUNDARIO DE MATERIA - TERMINO TEMATICO [R]
Término temático o nombre geográfico como elemento de entrada [NR] Derecho administrativo
9 (RLIN) 12695
650 #7 - ASIENTO SECUNDARIO DE MATERIA - TERMINO TEMATICO [R]
Término temático o nombre geográfico como elemento de entrada [NR] Derecho administrativo
Subdivisión general [R] Legislación
Subdivisión geográfica [R] Colombia
9 (RLIN) 35647
650 #7 - ASIENTO SECUNDARIO DE MATERIA - TERMINO TEMATICO [R]
Término temático o nombre geográfico como elemento de entrada [NR] Función pública
Subdivisión general [R] Legislación
Subdivisión geográfica [R] Colombia
9 (RLIN) 16187
650 #7 - ASIENTO SECUNDARIO DE MATERIA - TERMINO TEMATICO [R]
Término temático o nombre geográfico como elemento de entrada [NR] Proceso disciplinario
Subdivisión general [R] Legislación
Subdivisión geográfica [R] Colombia
9 (RLIN) 22381
690 ## - ASUNTO AGREGADO LOCAL DE ENTRADA - TÉRMINO TEMÁTICO (OCLC, RLIN)
9 (RLIN) 42763
Acceso temático local Derecho administrativo
710 1# - ASIENTO SECUNDARIO - NOMBRE CORPORATIVO [R]
Nombre corporativo o de jurisdicción como elemento de entrada [NR] Colombia
Unidad subordinada [R] Procuraduría General de La Nación
9 (RLIN) 39633
942 ## - ELEMENTOS DE ENTRADA AGREGADOS (KOHA)
Tipo de ítem principal el descrito en 300a Libro
Tema principal Derecho
Edición 1
Parte restante de la signatura top. C669c
Sistema de clasificación DEWEY
Clasificación 342.068
Existencias
Fecha de último préstamo Total préstamos Total Renewals Signatura topográfica Código de barras Última vez visto Volúmen / Fascículo Ejemplar Price effective from Tipo de ítem Perdido Sistema de clasificación Dañado No prestable Tipo de ítem específico Suprimido Ubicación habitual Ubicación actual Localización Fecha de creación Forma de adquisición Costo Costo de reposición Proveedor
19/07/2017 29 5 342.068 C669c 100060097 12/06/2026 2002 Ej.1 03/02/2013 Libro   DEWEY     Libro   Claustro Claustro 3er piso 28/02/2003 Donación 10000.00    
12/10/2018 42 2 342.068 C669c 100092909 12/06/2026 2007 Ej.1 03/02/2013 Libro   DEWEY     Libro   Claustro Claustro 3er piso 30/09/2008 Donación 26000.00    
06/08/2025 84 2 342.068 C669c 100097236 12/06/2026 2008 Ej.1 03/02/2013 Libro   DEWEY     Libro   Claustro Claustro 3er piso 30/09/2009 Donación 26000.00    
11/05/2016 1   342.068 C718c 100142047 10/12/2024 CD-ROM 2011 Ej.2 02/04/2014 Multimedia   DEWEY     CD-Rom   Claustro Claustro Colección digital 02/04/2014 Donación 0.00 26000.00 12